IFM Opac

Auditing (Record no. 1108)

MARC details
000 -LEADER
fixed length control field 00426nam a2200169Ia 4500
020 ## - INTERNATIONAL STANDARD BOOK NUMBER
International Standard Book Number 0538019808
082 ## - DEWEY DECIMAL CLASSIFICATION NUMBER
Classification number 657.45 RIC
100 ## - MAIN ENTRY--PERSONAL NAME
Personal name Ricchiute, David N.
9 (RLIN) 8172
245 ## - TITLE STATEMENT
Title Auditing
260 ## - PUBLICATION, DISTRIBUTION, ETC.
Place of publication, distribution, etc. Cincinnati, Ohio:
260 ## - PUBLICATION, DISTRIBUTION, ETC.
Name of publisher, distributor, etc. South-Western Publishing
260 ## - PUBLICATION, DISTRIBUTION, ETC.
Date of publication, distribution, etc. 1982
300 ## - PHYSICAL DESCRIPTION
Extent 542p. :ill. ;24cm.
500 ## - GENERAL NOTE
General note Includes bibliogrpahical references and index
650 ## - SUBJECT ADDED ENTRY--TOPICAL TERM
Topical term or geographic name entry element AuditingAccounting
9 (RLIN) 202
942 ## - ADDED ENTRY ELEMENTS (KOHA)
Koha item type Books
Holdings
Withdrawn status Lost status Damaged status Not for loan Collection code Home library Current library Shelving location Date acquired Source of acquisition Total Checkouts Full call number Barcode Date last seen Price effective from Koha item type
        Non-fiction IFM Main Campus Library IFM Main Campus Library Archival Collection 09/29/2021 Purchase   657.45 RIC 0000004338 05/15/2015 02/19/2022 Books
        Non-fiction IFM Main Campus Library IFM Main Campus Library Archival Collection 09/29/2021 Purchase   657.45 RIC 0000004339 10/15/2015 02/19/2022 Books
        Non-fiction IFM Main Campus Library IFM Main Campus Library Archival Collection 09/29/2021 Purchase   657.45 RIC 0000004335 11/16/2016 02/19/2022 Books